000 01074cab a2200217 4500
001 WB@3612-695
008 041021n2004 000 0 eng u
035 _a(Sirsi) u127793
245 _aBusiness rates appeals to be streamlined
260 _c2004
490 _aODPM News Release
_v(2004/0251) 21 October 2004 (2)
520 _aODPM has announced plans to streamline the business rate appeals process. Proposals mean a ratepayer will be able to appeal against the rateable value of their business premises at any time during the five-year life of the rating list. Also, any change in the value will be backdated to the date the list was compiled or to the date the change was made to the property. The consultation document introducing these proposals will be published by mid November 2004. http://www.odpm.gov.uk/pns/displaypn.cgi?pn_id=200 4_0251
590 _aWB
590 _aWB
650 _aBUSINESS RATES
650 _aRATEABLE VALUE
650 _aRATING LISTS
650 _aBUSINESS RATE APPEALS
690 _aRATING AND LOCAL TAXATION
942 _n0
999 _c74580
_d74580